| 000 | 00000nam##2200000za#4500 |
| 001 | 9.576153 |
| 003 | CaOODSP |
| 005 | 20210624185015 |
| 007 | cr ||||||||||| |
| 008 | 150406|1980||||xxc|||||o f|0| 0 eng|d |
| 040 | |aCaOODSP|beng |
| 043 | |an-cn--- |
| 086 | 1 |aFs97-13/202E-PDF |
| 110 | 1 |aCanada. |bDepartment of Fisheries and Oceans. |
| 245 | 10|aJuvenile Atlantic salmon stocking in several Nova Scotia and southern New Brunswick salmon streams, 1971-79 / |h[electronic resource]|cby R.W. Gray and J.D. Cameron. |
| 260 | |aHalifax - Nova Scotia : |bFisheries and Oceans Canada |c1980. |
| 300 | |a62p.|breferences, tables |
| 490 | 1 |aCanadian data report of fisheries and aquatic sciences|vNo. 202 |
| 500 | |aOn t.p. Freshwater and Anadromous Division Resource Branch, Halifax, Nova Scotia. Catalogue number of the print edition appears in the PDF version. |
| 546 | |a(Résumé en français) |
| 590 | |a13-09-Supp|b2013-04-04 |
| 830 | #0|aCanadian data report of fisheries and aquatic sciences ;|vNo. 202|w(CaOODSP)9.505124 |
| 856 | 40|ahttp://publications.gc.ca|qPDF|s1643 KB|uhttps://publications.gc.ca/collections/collection_2013/mpo-dfo/Fs97-13-202-eng.pdf|yNo. 202 |